|
|
|
|
| LEADER |
00561nam a22001571a 4500 |
| 082 |
|
|
|a H301
|b JAI/T
|
| 245 |
|
|
|a Twenty three Hindi Kahaniyan/
|c by Jainendra Kumar (ed.)
|
| 260 |
|
|
|a Allahabad:
|b Lokbharathi,
|c 1992.
|
| 300 |
|
|
|a 265p.
|
| 650 |
|
|
|a Stories Hindi
|9 136985
|
| 650 |
|
|
|a Literature Hindi
|9 136986
|
| 650 |
|
|
|a Literature
|9 136987
|
| 700 |
|
|
|a Jainendra Kumar (ed.)
|9 136988
|
| 942 |
|
|
|c BK
|
| 999 |
|
|
|c 47785
|d 47785
|
| 952 |
|
|
|0 0
|1 0
|4 0
|6 H_301_000000000000000_JAI_T
|7 0
|9 69229
|a SSUS
|b SSUS
|c STACKS
|d 2015-01-08
|g 60.00
|o H301 JAI/T
|p 028985
|r 2015-01-08
|v 0.00
|w 2015-01-08
|y BK
|